MAASAI MARA UNIVERSITY

LIBRARY CATALOGUE

Contact Us: +254 020 2685356/7 or 0774 057787

Box: 861-20500, NAROK, KENYA

Email: info@mmarau.ac.ke

The Nicomachean ethics / (Record no. 17908)

MARC details
000 -LEADER
fixed length control field 01263nam a22003497a 4500
001 - CONTROL NUMBER
control field 183093
003 - CONTROL NUMBER IDENTIFIER
control field OSt
005 - DATE AND TIME OF LATEST TRANSACTION
control field 20230516072255.0
008 - FIXED-LENGTH DATA ELEMENTS--GENERAL INFORMATION
fixed length control field 160704b xxu||||| |||| 00| 0 eng d
010 ## - LIBRARY OF CONGRESS CONTROL NUMBER
LC control number 98215714
020 ## - INTERNATIONAL STANDARD BOOK NUMBER
International Standard Book Number 019283407X
040 ## - CATALOGING SOURCE
Original cataloging agency MMU
Transcribing agency MMU
Modifying agency MMU
Language of cataloging eng
041 1# - LANGUAGE CODE
Language code of text/sound track or separate title eng
Language code of original grc
050 00 - LIBRARY OF CONGRESS CALL NUMBER
Classification number B430.A5
Item number R67 1998
082 00 - DEWEY DECIMAL CLASSIFICATION NUMBER
Classification number 171/.3
Edition number 21
100 0# - MAIN ENTRY--PERSONAL NAME
Personal name Aristotle.
240 10 - UNIFORM TITLE
Uniform title Nicomachean ethics.
Language of a work English
245 14 - TITLE STATEMENT
Title The Nicomachean ethics /
Statement of responsibility, etc. Aristotle ; translated with an introduction by David Ross ; revised by J.L. Ackrill and J.O. Urmson.
260 ## - PUBLICATION, DISTRIBUTION, ETC. (IMPRINT)
Place of publication, distribution, etc. Oxford (Oxfordshire) :
-- New York :
Name of publisher, distributor, etc. Oxford University Press,
Date of publication, distribution, etc. [1998].
300 ## - PHYSICAL DESCRIPTION
Extent xxxvi, 283 p. :
Dimensions 20 cm.
490 1# - SERIES STATEMENT
Series statement Oxford world's classics
504 ## - BIBLIOGRAPHY, ETC. NOTE
Bibliography, etc Includes bibliographical references and index.
650 #0 - SUBJECT ADDED ENTRY--TOPICAL TERM
Topical term or geographic name as entry element Ethics.
700 1# - ADDED ENTRY--PERSONAL NAME
Personal name Ross, W. D.
Fuller form of name (William David),
Dates associated with a name 1877-1971.
700 1# - ADDED ENTRY--PERSONAL NAME
Personal name Ackrill, J. L.
700 1# - ADDED ENTRY--PERSONAL NAME
Personal name Urmson, J. O.
830 #0 - SERIES ADDED ENTRY--UNIFORM TITLE
Uniform title Oxford world's classics (Oxford University Press)
856 42 - ELECTRONIC LOCATION AND ACCESS
Materials specified Publisher description
Uniform Resource Identifier <a href="http://www.loc.gov/catdir/enhancements/fy0605/98215714-d.html">http://www.loc.gov/catdir/enhancements/fy0605/98215714-d.html</a>
906 ## - LOCAL DATA ELEMENT F, LDF (RLIN)
a 7
b cbc
c orignew
d 2
e ncip
f 19
g y-gencatlg
942 ## - ADDED ENTRY ELEMENTS (KOHA)
Source of classification or shelving scheme Library of Congress Classification
Koha item type L
Holdings
Withdrawn status Lost status Source of classification or shelving scheme Damaged status Not for loan Home library Current library Date acquired Source of acquisition Total Checkouts Full call number Barcode Date last seen Price effective from Koha item type
    Library of Congress Classification     Maasai Mara University Library -Main Campus Maasai Mara University Library -Main Campus 07/04/2016 Donation   B430.A5R67 1998 201516511 07/04/2016 07/04/2016 L
© 2016 Maasai Mara University.